000 00511nam a2200205Ia 4500
003 OSt
005 20230420152216.0
008 210423s2008 xx 000 0 und d
020 _a9780141037370
040 _cAL
041 _aeng
082 _a823.08 BROC
100 _aBRONTE (Charlotte).
_991158
245 _aCharlolte bronte Jane Eyre
260 _aNew Delhi
_bPenguin Books Ltd
_c2008
300 _a591
_bPB
365 _b199
_cINR
906 _abronte ; Charlolte ; Eyre ; Jane
942 _2ddc
_cBK
999 _c160350
_d160350